Statistiken für Die 8 Planeten

Klicken Sie hier um das Quiz zu spielen!

Allgemein

  • Dieses Quiz wurde 25.159 mal gespielt
  • Das Durchschnittsergebnis liegt bei 7 aus 8

Antwortstatistiken

Planet% Korrekt
4Mars
98%
3Erde
97%
2Venus
96%
6Saturn
96%
5Jupiter
94%
7Uranus
91%
1Merkur
89%
8Neptun
86%

Verteilung der Resultate

Perzentil nach korrekt beantworteten Fragen

Anzahl Personen mit jedem Resultat

Ihre Resultats-Entwicklung

Sie haben dieses Quiz noch nicht gespielt